Království lží. Druhý díl, Království tak prokleté a prázdné /
Pokračování temné paranormální romance ze světa zákeřných víl.
Uloženo v:
| Série: | Království lží,
část 2 |
|---|---|
| Hlavní autor: | |
| Další autoři: | |
| Médium: | E-kniha |
| Jazyk: | Czech |
| Vydáno: |
Praha :
Dobrovský s.r.o.,
2025
|
| Edice: | Red
|
| Témata: | |
| Příbuzné jednotky: | Z cyklu::
Království lží |
| Tagy: |
Žádné tagy |
| LEADER | 02962nam a2200469 i 4500 | ||
|---|---|---|---|
| 001 | 312851 | ||
| 003 | CZ PrSKC | ||
| 005 | 20260601215729.0 | ||
| 007 | ta | ||
| 008 | 251016s2025 xr g 000 f cze | ||
| 015 | |a cnb003714367 | ||
| 020 | |a 9788027741427 |q (brožováno) : |c Kč 499,00 | ||
| 035 | |a (OCoLC)1578134012 | ||
| 040 | |a ABG001 |b cze |e rda | ||
| 041 | 1 | |a cze |h eng | |
| 072 | 7 | |a 821.111-3 |x Anglická próza, anglicky psaná |2 Konspekt | |
| 080 | |a 821.111(931)-31 |2 MRF | ||
| 080 | |a (0:82-312.9) |2 MRF | ||
| 100 | 1 | |a Stark, Stacia |7 xx0329348 |4 aut | |
| 240 | 1 | 0 | |a Kingdom this cursed & empty. |l Česky |
| 245 | 1 | 0 | |a Království lží. |n Druhý díl, |p Království tak prokleté a prázdné / |c Stacia Stark ; přeložila Kateřina Elisová |
| 246 | 3 | 0 | |a Království tak prokleté a prázdné |
| 264 | 1 | |a Praha : |b Dobrovský s.r.o., |c 2025 | |
| 300 | |a 419 stran ; |c 23 cm | ||
| 336 | |a text |b txt |2 rdacontent | ||
| 337 | |a bez média |b n |2 rdamedia | ||
| 338 | |a svazek |b nc |2 rdacarrier | ||
| 490 | 1 | |a Red | |
| 500 | |a Přeloženo z angličtiny | ||
| 520 | 2 | |a Pokračování temné paranormální romance ze světa zákeřných víl. |b Říkají mu princ Krvežíznivec. Jeho hrůzovláda zanechala po celém kontinentu krvavé stopy. Stopy, které se prolínají s Prisčinou minulostí - nemilosrdně zmasakroval i její rodiče. Aby zachránila život bratra, uzavřela s vílím princem další dohodu. Teď s ním musí spolupracovat. Je nucená s ním odcestovat do jeho království a trávit každý okamžik svého života s mužem, který ji zradil. To vše proto, že král Sabium utkal smrtící pavučinu intrik a pro své ďábelské plány se nezdráhal využít ty nejméně pravděpodobné osoby. Prisca nezná hranice, které by nepřekročila, aby ochránila milované. Proto se rozhodne spolupracovat s bývalými nepřáteli, manipulovat, vydírat a podvádět potenciální spojence. Potlačí svoji hrdost a pohřbí své zlomené srdce, aby se s pomocí vílů připravila na nadcházející válku. Protože existují bytosti mnohem strašnější než vílové. Nakladatelská anotace. Kráceno. | |
| 655 | 7 | |a novozélandské romány |7 fd132920 |2 czenas | |
| 655 | 7 | |a fantasy romány |7 fd184199 |2 czenas | |
| 655 | 9 | |a New Zealand fiction |2 eczenas | |
| 655 | 9 | |a fantasy novels |2 eczenas | |
| 700 | 1 | |a Elisová, Kateřina |7 hka2015865348 |4 trl | |
| 787 | 0 | 8 | |i Z cyklu: |t Království lží |g 2 |
| 830 | 0 | |a Red | |
| 900 | |a ABA001 |b 20 | ||
| 044 | |a xr | ||
| 910 | |a RBIT002 | ||
| 998 | |d 423217 |a https://core.palmknihy.cz/api/books/423217/cover?t4gzk9 |b https://core.palmknihy.cz/api/books/423217/cover/400?t4gzk9 |c https://core.palmknihy.cz/api/books/423217/cover/50?t4gzk9 |e 2031-02-05 |g 424 |i 9788027741427 |j https://core.palmknihy.cz/api/books/423217/preview.epub |k https://core.palmknihy.cz/api/books/423217/preview.pdf |l |q 49 |r 1 |s https://www.palmknihy.cz/kniha/423217 |t ebook |y 2025 |z 0 |v Království lží |w 2 | ||
| 999 | |d 312849 | ||